[Event "ch-RUS Blitz 2016"]
[Site "Sochi RUS"]
[Date "2016.10.04"]
[Round "22.18"]
[White "Kryakvin, Dmitry"]
[Black "Savitskiy, Sergey"]
[Result "1-0"]
[WhiteTitle "GM"]
[BlackTitle "FM"]
[WhiteElo "2554"]
[BlackElo "2415"]
[WhiteFideId "4153278"]
[BlackFideId "24105660"]
[EventDate "2016.10.04"]

1. c4 Nf6 2. Nc3 g6 3. g3 Bg7 4. Bg2 O-O 5. Nf3 d6 6. O-O Nc6 7. d3 e5 8. Rb1 a5
9. a3 h6 10. b4 axb4 11. axb4 Be6 12. Nd2 Qc8 13. b5 Ne7 14. Re1 Bh3 15. Bh1 Nd7
16. Bb2 f5 17. Ra1 Rb8 18. Ra7 f4 19. Nde4 Nf6 20. Nxf6+ Bxf6 21. Ne4 Bg7 22. b6
Nc6 23. Ra1 Rf7 24. Qb3 Kh7 25. Qa3 Bf8 26. Qb3 cxb6 27. Qxb6 Qf5 28. Rab1 h5
29. Bg2 Bxg2 30. Kxg2 f3+ 31. Kg1 fxe2 32. Rxe2 Bh6 33. Rbe1 Rd8 34. Bc3 Rdd7
35. h4 Qf3 36. Qb1 Qf5 37. Qd1 b6 38. Rb2 d5 39. cxd5 Rxd5 40. Rxb6 Nd4 41. Bxd4
Rxd4 42. Qe2 Rd8 43. Nd6 Rxd6 44. Rxd6 Bf8 45. Rd5 Bg7 46. d4 Qe6 47. Rb5 e4 48.
Qxe4 Qc4 49. Rxh5+ Kg8 50. Rg5 Bxd4 51. Qxg6+ Bg7 52. Re8+ Rf8 53. Qxg7# 1-0

[Event "ch-RUS Blitz 2016"]
[Site "Sochi RUS"]
[Date "2016.10.04"]
[Round "22.19"]
[White "Bologan, Victor"]
[Black "Selin, Vladimir"]
[Result "1-0"]
[WhiteTitle "GM"]
[WhiteElo "2640"]
[BlackElo "2322"]
[WhiteFideId "13900048"]
[BlackFideId "4168321"]
[EventDate "2016.10.04"]

1. e4 Nc6 2. Nf3 d6 3. d4 Nf6 4. Nc3 Bg4 5. Be2 e6 6. Be3 Be7 7. h3 Bh5 8. O-O
d5 9. e5 Nd7 10. Ne1 Bxe2 11. Nxe2 Ncb8 12. f4 g6 13. Nd3 Na6 14. g4 c5 15. c3
Qc7 16. f5 gxf5 17. gxf5 Rg8+ 18. Kh1 O-O-O 19. Nef4 Qc6 20. Qh5 f6 21. Nxe6
Rde8 22. Qf3 fxe5 23. Nxe5 Nxe5 24. dxe5 Bh4 25. Rg1 Nc7 26. Nxc7 Qxc7 27. Rxg8
Rxg8 28. Qxd5 Re8 29. Bf4 Rd8 30. Qe6+ Kb8 31. Rg1 b6 32. Rg8 Rxg8 33. Qxg8+ Kb7
34. Qd5+ Ka6 35. f6 Qc8 36. Kg2 Qe8 37. f7 Qf8 38. Kf3 h5 39. a4 Qe7 40. b4 1-0

[Event "ch-RUS Blitz 2016"]
[Site "Sochi RUS"]
[Date "2016.10.04"]
[Round "22.20"]
[White "Bryzgalin, Kirill"]
[Black "Dreev, Aleksey"]
[Result "1/2-1/2"]
[WhiteTitle "GM"]
[BlackTitle "GM"]
[WhiteElo "2424"]
[BlackElo "2660"]
[WhiteFideId "4133285"]
[BlackFideId "4100107"]
[EventDate "2016.10.04"]

1. c4 c6 2. Nf3 d5 3. e3 Nf6 4. b3 Bg4 5. Bb2 Nbd7 6. Be2 e6 7. O-O Bd6 8. d4
O-O 9. Nbd2 Qe7 10. Ne5 Bxe2 11. Qxe2 Ba3 12. Bxa3 Qxa3 13. Nxd7 Nxd7 14. e4
Rfd8 15. Rfd1 a5 16. cxd5 cxd5 17. exd5 exd5 18. Qb5 Nf6 19. Qxb7 Rac8 20. Nf3
Rc2 21. Ne5 Rf8 22. Nd7 Qe7 23. Nxf6+ Qxf6 24. Qxd5 Qxf2+ 25. Kh1 Rxa2 26. h3 g6
27. Rf1 Rxa1 28. Rxa1 Re8 29. Qxa5 Qxd4 30. Re1 Rb8 31. Qa4 Rb4 32. Qe8+ Kg7 33.
Qe3 Qb2 34. Rd1 Rxb3 35. Qd4+ Qxd4 36. Rxd4 g5 37. h4 h6 38. Kh2 Kg6 39. Ra4 f5
40. hxg5 hxg5 41. Ra5 f4 42. Rc5 Kh5 43. Ra5 Kh4 44. Ra4 Rb2 45. Rc4 Rd2 46. Ra4
Re2 47. Rb4 Kg4 48. Ra4 Kf5 49. Ra5+ Re5 50. Ra4 g4 51. Rb4 Re1 52. Ra4 Kg5 53.
Ra5+ Kh4 54. g3+ fxg3+ 55. Kg2 Re2+ 56. Kg1 Re1+ 57. Kg2 Re2+ 58. Kg1 g2 59. Kh2
Rd2 60. Rb5 Ra2 61. Rc5 g1=Q+ 62. Kxg1 Kh3 63. Rc3+ g3 64. Rc1 1/2-1/2